Państwa z największym procentem ludzi palących - Statystyki

Ogólne statystyki
  • Ten quiz został rozwiązany 181 razy
  • Średni wynik to 11 z 41
Statystyki odpowiedzi
Procent palaczy Państwa z największą liczbą palaczy % Poprawnych
40.90% Rosja
92%
----- Państwa z najmniejszą ilością palaczy
72%
11.15% Indie
53%
33.20% Czechy
52%
42.65% Grecja
45%
36.45% Chorwacja
41%
11.10% Iran
40%
39.90% Indonezja
39%
35.25% Kuba
38%
41.65% Serbia
38%
35.30% Bułgaria
36%
36.60% Łotwa
36%
35.15% Austria
35%
11.10% Kolumbia
34%
33.05% Estonia
33%
9.40% Niger
31%
9.25% Nigeria
30%
38.60% Bośnia i Hercegowina
28%
38.00% Chile
28%
11.00% Oman
26%
13.35% Kenia
24%
4.70% Etiopia
23%
8.65% Ekwador
21%
32.85% Laos
20%
6.60% Panama
20%
32.50% Andora
18%
12.30% Haiti
18%
13.10% Uzbekistan
18%
13.40% Kostaryka
17%
9.65% Uganda
17%
6.75% Ghana
16%
40.45% Jordania
16%
38.20% Liban
15%
52.40% Kiribati
13%
47.50% Nauru
13%
12.05% Senegal
13%
9.35% Benin
9%
7.00% Barbados
7%
12.85% Republika Zielonego Przylądka
7%
10.60% Suazi
7%
36.00% Sierra Leone
6%
Nie znaleziono quizów pasujących do podanych kryteriów
Rozkład punktacji
Procent ludzi z każdym wynikiem
Percentyl według liczby udzielonych odpowiedzi
Twoja historia wyników
Nie rozwiązałeś tego quizu